Vplyv finančnej situácie na investičnú aktivitu poľnohospodárskych podnikov
Analýza vplyvu finančnej situácie poľnohospodárskych podnikov pomocou vybranej skupiny finančných ukazovateľov na investičnú aktivitu v regióne západného Slovenska. Investície podporujú rast ziskovosti výroby ako aj dosahovanie kladného čistého peňažného toku z dlhodobého hľadiska. Rast investícií...
Guardado en:
| Autor principal: | |
|---|---|
| Formato: | Capítulo de libro |
| Lenguaje: | eslovaco |
| Materias: | |
| Etiquetas: |
Sin Etiquetas, Sea el primero en etiquetar este registro!
|
MARC
| LEADER | 00000nla$a2200000$$$4500 | ||
|---|---|---|---|
| 001 | 0078281 | ||
| 005 | 20220801085429.4 | ||
| 041 | 0 | |a slo | |
| 044 | |a CZ | ||
| 245 | 1 | 0 | |a Vplyv finančnej situácie na investičnú aktivitu poľnohospodárskych podnikov |c Miloš Majerník |
| 520 | |a Analýza vplyvu finančnej situácie poľnohospodárskych podnikov pomocou vybranej skupiny finančných ukazovateľov na investičnú aktivitu v regióne západného Slovenska. Investície podporujú rast ziskovosti výroby ako aj dosahovanie kladného čistého peňažného toku z dlhodobého hľadiska. Rast investícií však spôsobuje pokles čistého peňažného toku v období realizovania investície. | ||
| 610 | 2 | 0 | |a podnik poľnohospodársky |
| 610 | 2 | 0 | |a analýza finančná |
| 610 | 2 | 0 | |a investície |
| 610 | 2 | 0 | |a investovanie |
| 610 | 2 | 0 | |a cash flow |
| 100 | 1 | |a Majerník, Miloš | |